<?xml version="1.0" encoding="UTF-8"?><?xml-stylesheet type="text/xsl" href="static/style.xsl"?><OAI-PMH xmlns="http://www.openarchives.org/OAI/2.0/" xmlns:xsi="http://www.w3.org/2001/XMLSchema-instance" xsi:schemaLocation="http://www.openarchives.org/OAI/2.0/ http://www.openarchives.org/OAI/2.0/OAI-PMH.xsd"><responseDate>2026-04-17T18:44:01Z</responseDate><request verb="GetRecord" identifier="oai:www.recercat.cat:10256/14050" metadataPrefix="marc">https://recercat.cat/oai/request</request><GetRecord><record><header><identifier>oai:recercat.cat:10256/14050</identifier><datestamp>2024-06-18T14:33:32Z</datestamp><setSpec>com_2072_452955</setSpec><setSpec>com_2072_2054</setSpec><setSpec>col_2072_452959</setSpec></header><metadata><record xmlns="http://www.loc.gov/MARC21/slim" xmlns:dcterms="http://purl.org/dc/terms/" xmlns:xsi="http://www.w3.org/2001/XMLSchema-instance" xmlns:doc="http://www.lyncode.com/xoai" xsi:schemaLocation="http://www.loc.gov/MARC21/slim http://www.loc.gov/standards/marcxml/schema/MARC21slim.xsd">
   <leader>00925njm 22002777a 4500</leader>
   <datafield ind2=" " ind1=" " tag="042">
      <subfield code="a">dc</subfield>
   </datafield>
   <datafield ind2=" " ind1=" " tag="720">
      <subfield code="a">Brusi i Belmonte, David</subfield>
      <subfield code="e">author</subfield>
   </datafield>
   <datafield ind2=" " ind1=" " tag="720">
      <subfield code="a">Roqué i Pau, Carles</subfield>
      <subfield code="e">author</subfield>
   </datafield>
   <datafield ind2=" " ind1=" " tag="720">
      <subfield code="a">Mas-Pla, Josep</subfield>
      <subfield code="e">author</subfield>
   </datafield>
   <datafield ind2=" " ind1=" " tag="260">
      <subfield code="c">2013</subfield>
   </datafield>
   <datafield ind2=" " ind1=" " tag="520">
      <subfield code="a">This contribution develops the 7th idea out of the 10 Big Ideas that were defined within&#xd;
the document Alfabetización en Ciencias de la Tierra (Pedrinaci et al., 2013). In particular,&#xd;
we address the content related to the “External geological processes that transform the&#xd;
Earth surface”. While developing this topic, we will also refer to guidelines 3, 4, and 9 of&#xd;
the mentioned document devoted to the following topics: “Origin and transformation of&#xd;
Earth materials”, “Water and air turn the Earth into a special planet”, and “Some natural&#xd;
processes involve risks for humankind”. In this paper, we do not intend to furnish a detailed&#xd;
description of the external geological processes. Our main goal consists in offering a clear&#xd;
and structured perspective of the main concepts for their further treatment in class</subfield>
   </datafield>
   <datafield ind2=" " ind1=" " tag="520">
      <subfield code="a">Este texto desarrolla la idea 7 de la propuesta de 10 ideas clave contenidas en el&#xd;
documento sobre Alfabetización en Ciencias de la Tierra (Pedrinaci et al., 2013). En&#xd;
concreto, despliega los contenidos del epígrafe “Los procesos geológicos externos&#xd;
transforman la superficie terrestre”. Inevitablemente, al tratar este tema, también nos&#xd;
referiremos a las ideas clave 3, 4, y 9 de dicho documento que se centran respectivamente&#xd;
en “Los materiales de la Tierra se originan y modifican de forma continua”, “El agua y&#xd;
el aire hacen de la Tierra un planeta especial” y “Algunos procesos naturales implican&#xd;
riesgos para la humanidad”. Los objetivos de este artículo no pretenden abordar una&#xd;
descripción exhaustiva de los procesos externos. Nuestro principal propósito es ofrecer&#xd;
una visión panorámica clara y estructurada de aquellos conceptos más relevantes en su&#xd;
tratamiento docente</subfield>
   </datafield>
   <datafield ind1="8" ind2=" " tag="024">
      <subfield code="a">http://hdl.handle.net/10256/14050</subfield>
   </datafield>
   <datafield tag="653" ind2=" " ind1=" ">
      <subfield code="a">Geologia</subfield>
   </datafield>
   <datafield tag="653" ind2=" " ind1=" ">
      <subfield code="a">Geology</subfield>
   </datafield>
   <datafield ind2="0" ind1="0" tag="245">
      <subfield code="a">Los procesos geológicos externos: las infinitas interacciones en la superficie de la Tierra = External geological processes. The endless interactions on the Earth’s surface</subfield>
   </datafield>
</record></metadata></record></GetRecord></OAI-PMH>